LEADER 02767nam0 22005053i 450 001 SBL0023202 005 20251003044348.0 100 $a20160111d1978 ||||0itac50 ba 101 | $aita 102 $ait 181 1$6z01$ai $bxxxe 182 1$6z01$an 183 1$6z01$anc$2RDAcarrier 200 1 $aˆLa ‰Terza Internazionale e il Partito comunista italiano$esaggi e discussioni$fErnesto Ragionieri$gcon una presentazione di Franz Marek 205 $a2. ed 210 $aTorino$cEinaudi$dc1978 215 $aX, 412 p.$d18 cm 225 | $aPiccola biblioteca Einaudi$v328 410 0$1001CFI0010621$12001 $aPiccola biblioteca Einaudi$v328 606 $aPartito comunista italiano$2FIR$3CFIC008627$9E 606 $aINTERNAZIONALE <3.> COMUNISTA$2FIR$3MILC023540$9I 606 $aInternazionale comunista <3.>$2FIR$3CFIC051330$9E 606 $aPARTITO COMUNISTA ITALIANO$xSAGGI$2FIR$3MILC100106$9I 676 $a324.175$9VITA POLITICA. ORGANIZZAZIONI INTERNAZIONALI DI PARTITI COMUNISTI$v20 676 $a324.2$9Partiti politici$v14 676 $a324.2$9PARTITI POLITICI$v19 676 $a324.2$9Partiti politici$v22 676 $a329$9SCIENZA POLITICA (POLITICA E GOVERNO)$v18 676 $a329.3$9$v21 676 $a335.4309$9COMUNISMO (MARXISMO-LENINISMO). Storia, geografia, persone$v21 686 $a1141.3$cINTERNAZIONALE COMUNISTA 1918-1939$2R 702 1$aRagionieri$b, Ernesto$3CFIV013231 801 3$aIT$bIT-000000$c20160111 850 $aIT-BN0095 $aIT-NA0243 $aIT-AV0003 $aIT-AV0007 $aIT-NA0079 $aIT-NA0230 $aIT-BN0015 901 $bNAP BN$cA $nComprende volumi con collocazioni per formato catalogati prima del 1987. La consegna del doc. é effettuata dall'Uff. Distribuzione. 901 $bNAP AV$cSEZ. M $nSezione Moderna 901 $bNAP 67$cSALA E $nComprende monografie di vario argomento 901 $bNAP 01$cPOZZO LIB.$nVi sono collocati fondi di economia, periodici di ingegneria e scienze, periodici di economia e statistica e altri fondi comprendenti documenti di economia pervenuti in dono. 901 $bNAP AR$cP. CICCONE$nDONAZIONE 912 $aSBL0023202 950 0$aBiblioteca Centralizzata di Ateneo$c1 v.$d 01POZZO LIB.ECON MON 7873$e 0101 0000110365E VMA 1 v. (Precedente collocazione: GUERRAZZI A 396)$fB $h20091214$i20091214 950 0$aCentro Librario e Bibliotecario per la Diffusione della cultura$c1 v.$d 67SALA E E Coll. 4/328$e 67 0000485065 VMA 1 v.$fA $h20230808$i20230808 977 $a 01$a 67$a AR$a AV$a BN$a IR$a PB 996 $aTerza internazionale e il Partito comunista italiano$967069 997 $aUNISANNIO